000
00343 a2200157 4500
001
168341
020
_a
040
_c
Magnum
100
_a
Ferreira, Francisco Whitaker
240
1
0
_a
Planejamento sim e nao
_l
por
245
1
0
_a
Planejamento sim e nao
362
0
_a
1899
440
1
_a
Paz e Terra
697
_a
ADMINISTRACAO
942
_c
BK
999
_c
168341
_d
168341